书目信息 |
| 题名: |
通向斋月战争之路
|
|
| 作者: | 海卡尔 著 | |
| 分册: | ||
| 出版信息: | 上海 上海人民出版社 1976 |
|
| 页数: | 316页 | |
| 开本: | 20cm | |
| 丛书名: | ||
| 单 册: | ||
| 中图分类: | K411.5 | |
| 科图分类: | ||
| 主题词: | 现代史--埃及--1967~1973 | |
| 电子资源: | ||
| ISBN: | ||
| 000 | 00700nam0 2200241 45 | |
| 001 | 0177000415 | |
| 005 | 20060727102550.54 | |
| 010 | @dCNY0.81 | |
| 100 | @a19951017d1977 em y0chiy0121 ea | |
| 101 | 1 | @achi@cegy |
| 102 | @aCN@b310000 | |
| 105 | @ay z 000yy | |
| 200 | 10 | @a通向斋月战争之路@Atong xiang zhai yue zhan zheng zhi lu@f(埃及)海卡尔著@g上海《国际问题资料》编辑组译 |
| 210 | @a上海@c上海人民出版社@d1976 | |
| 215 | @a316页@d20cm | |
| 606 | @a现代史@y埃及@z1967~1973 | |
| 607 | @a埃及@x现代史@z1967~1973 | |
| 610 | 0 | @a斋月战争 |
| 690 | @aK411.5@v3 | |
| 701 | 1 | @a海卡尔@Ahai ka er@4著 |
| 801 | 0 | @aCN@bTSSF@c20060727 |
| 801 | 2 | @aCN@bNLC@c20060726 |
| 905 | @a10447@dK411.5@e4 | |
| 通向斋月战争之路/(埃及)海卡尔著/上海《国际问题资料》编辑组译.-上海:上海人民出版社,1976 |
| 316页;20cm |
| ISBN :CNY0.81 |
| ● |
| 相关链接 |
|
|
|
|
正题名:通向斋月战争之路
索取号:K411.5/4
 
预约/预借
| 序号 | 登录号 | 条形码 | 馆藏地/架位号 | 状态 | 备注 |
| 1 | 0436317 | 204363170 | 密集书库/ [索取号:K411.5/4] | 在馆 | |
| 2 | 0436597 | 204365971 | 密集书库/ [索取号:K411.5/4] | 在馆 |